000 002720000a22000970004500
100 1 _aSuárez, Jairo
245 1 0 _aNo hay peor ciego que aquel que no quiere ver
300 _aVol.17, núm.17 (Junio, 2005), Páginas 4-5
773 0 _tLa Voz Luterana de Colombia
942 _cANA
999 _c60540
_d60540